[Event "NCL967 Hertford-Midland Mons"]
[Site "Rd7"]
[Date "1997.02.22"]
[Round "7.8"]
[White "Regan, Natasha"]
[Black "Milligan, Helen"]
[Result "1-0"]
[WhiteElo "2155"]
[BlackElo "1896"]
[PlyCount "81"]
[EventDate "1997.02.22"]
[Source "J.Saunders"]
[SourceDate "1998.06.06"]

1. e4 e6 2. d4 d5 3. Nc3 Bb4 4. e5 c5 5. Bd2 Ne7 6. f4 Nbc6 7. Nf3 cxd4 8. Nb5
Bc5 9. a3 Nf5 10. b4 Be7 11. Bd3 a6 12. Bxf5 axb5 13. Bd3 Qb6 14. O-O Bd7 15.
Qe2 O-O 16. Kh1 f6 17. exf6 Bxf6 18. Ng5 Bxg5 19. fxg5 g6 20. Rf6 Rxf6 21. gxf6
Kf7 22. Bxb5 Ne5 23. Qxe5 Bxb5 24. c3 dxc3 25. Bxc3 Rc8 26. Bd4 Qd8 27. a4 Bd3
28. Qe3 Be4 29. Qh6 Qg8 30. Rc1 Rxc1+ 31. Qxc1 Qd8 32. Qc5 Qd7 33. b5 g5 34.
Kg1 Qd8 35. b6 Kg6 36. f7 Kxf7 37. Qc7+ Ke8 38. Qxb7 Qd7 39. Qa8+ Ke7 40. Qa7
e5 41. b7 1-0

[Event "NCL967 Guildford-Wessex"]
[Site "Rd7"]
[Date "1997.02.22"]
[Round "7.1"]
[White "Poulton, James"]
[Black "Povah, Nigel"]
[Result "1-0"]
[WhiteElo "2360"]
[BlackElo "2375"]
[PlyCount "85"]
[EventDate "1997.02.22"]
[Source "J.Saunders"]
[SourceDate "1998.06.06"]

1. d4 Nf6 2. Nf3 e6 3. c4 c5 4. d5 exd5 5. cxd5 d6 6. Nc3 g6 7. Nd2 Bg7 8. e4
O-O 9. Be2 a6 10. a4 Nbd7 11. O-O Qe7 12. Re1 g5 13. Nf1 h6 14. Ng3 Ne5 15. a5
Qc7 16. Bd2 b5 17. axb6 Qxb6 18. Qc2 Kh7 19. Nd1 Rb8 20. Ba5 Qa7 21. Bc3 Ng8
22. Nf5 Bxf5 23. exf5 Kh8 24. Rxa6 Qd7 25. Ne3 Rb7 26. g3 Rfb8 27. Kg2 Qe7 28.
f6 Qxf6 29. Nf5 Rxb2 30. Bxb2 Rxb2 31. Qxb2 Qxf5 32. Qb1 Qd7 33. Qb8 Kh7 34.
Rxd6 Qf5 35. Qb1 Ne7 36. Rd8 Qxb1 37. Rxb1 Bf6 38. Rd1 Nf5 39. Rc8 Be7 40. Bd3
Nxd3 41. Rxd3 Kg7 42. Rc6 Nd4 43. Rxd4 1-0

[Event "NCL967 Guildford-Wessex"]
[Site "Rd7"]
[Date "1997.02.22"]
[Round "7.3"]
[White "Corkett, Anthony"]
[Black "Kennaugh, Charles"]
[Result "1/2-1/2"]
[WhiteElo "2285"]
[BlackElo "2290"]
[PlyCount "68"]
[EventDate "1997.02.22"]
[Source "J.Saunders"]
[SourceDate "1998.06.06"]

1. Nf3 d5 2. c4 c6 3. b3 Bg4 4. Ne5 Bh5 5. Bb2 f6 6. g4 fxe5 7. gxh5 Nd7 8.
cxd5 cxd5 9. e3 e6 10. Qg4 Qf6 11. Nc3 Nh6 12. Qh3 a6 13. Be2 Bd6 14. O-O-O Qe7
15. Rhg1 O-O 16. f4 Ba3 17. fxe5 Bxb2+ 18. Kxb2 Nxe5 19. Qg3 Qf6 20. Rdf1 Nf5
21. Qf4 Rac8 22. d4 Nf7 23. Nxd5 Qd8 24. Nb4 a5 25. Nd3 a4 26. Nb4 a3+ 27. Kb1
Qa5 28. d5 N7d6 29. dxe6 Qc5 30. Rc1 Qxe3 31. Qxe3 Nxe3 32. Rxc8 Rxc8 33. Bd3
Re8 34. Re1 Ng2 1/2-1/2

[Event "NCL967 Guildford-Wessex"]
[Site "Rd7"]
[Date "1997.02.22"]
[Round "7.4"]
[White "Abayasekera, Roger"]
[Black "Neil, David"]
[Result "1/2-1/2"]
[WhiteElo "2255"]
[BlackElo "2295"]
[PlyCount "56"]
[EventDate "1997.02.22"]
[Source "J.Saunders"]
[SourceDate "1998.06.06"]

1. e4 e5 2. Bc4 Nf6 3. d3 Bc5 4. Nc3 d6 5. Na4 Bb6 6. Nxb6 axb6 7. Ne2 Be6 8.
Bxe6 fxe6 9. O-O O-O 10. f4 exf4 11. Bxf4 Nc6 12. Ng3 Qe8 13. c3 Qg6 14. Qe2 h5
15. e5 dxe5 16. Bxe5 h4 17. Bxf6 hxg3 18. Be5 gxh2+ 19. Kxh2 Nxe5 20. Qxe5 Rxf1
21. Rxf1 Ra5 22. Qe2 Rxa2 23. Re1 b5 24. d4 c6 25. Rf1 Ra8 26. Rf3 Rf8 27.
Rxf8+ Kxf8 28. Qe5 Qe8 1/2-1/2

[Event "NCL967 Guildford-Wessex"]
[Site "Rd7"]
[Date "1997.02.22"]
[Round "7.5"]
[White "Upton, Ian"]
[Black "Granat, Russell"]
[Result "1-0"]
[WhiteElo "2235"]
[BlackElo "2265"]
[PlyCount "45"]
[EventDate "1997.02.22"]
[Source "J.Saunders"]
[SourceDate "1998.06.06"]

1. d4 d5 2. c4 Bf5 3. cxd5 Bxb1 4. Qa4+ c6 5. Rxb1 Qxd5 6. Nf3 Nd7 7. Bd2 Ngf6
8. e3 e6 9. b4 Ne4 10. Bd3 Nxd2 11. Kxd2 a5 12. b5 Bb4+ 13. Ke2 O-O 14. bxc6
bxc6 15. Rhc1 Rac8 16. Kf1 Qd6 17. Kg1 h6 18. Be4 Nb6 19. Qb3 Nd5 20. Ne5 c5
21. a3 a4 22. Qd3 cxd4 23. Bh7+ 1-0

[Event "NCL967 Guildford-Wessex"]
[Site "Rd7"]
[Date "1997.02.22"]
[Round "7.6"]
[White "Thompson, Ian"]
[Black "Brameld, Arthur"]
[Result "1/2-1/2"]
[WhiteElo "2300"]
[BlackElo "2199"]
[PlyCount "90"]
[EventDate "1997.02.22"]
[Source "J.Saunders"]
[SourceDate "1998.06.06"]

1. c4 Nc6 2. Nc3 e5 3. g3 g6 4. Bg2 Bg7 5. e3 f5 6. Nge2 Nf6 7. d3 O-O 8. O-O
d6 9. Rb1 a5 10. a3 Be6 11. Nd5 Qd7 12. Nec3 Rab8 13. Qa4 Nh5 14. f4 Kh8 15.
Bd2 Nf6 16. Rbc1 Bg8 17. Nb5 Nxd5 18. cxd5 Na7 19. Nc3 Qxa4 20. Nxa4 exf4 21.
gxf4 b5 22. Rxc7 bxa4 23. Rxa7 Rxb2 24. Bxa5 Rb3 25. Rd1 Re8 26. Kf2 Rxa3 27.
Bb4 Ra2+ 28. Rd2 Rxd2+ 29. Bxd2 Rb8 30. Rxa4 Rb2 31. Ke1 Rb1+ 32. Ke2 Rb2 33.
d4 h6 34. Ra6 Bf8 35. Ra8 Kg7 36. Ra7+ Kf6 37. Kd3 Bf7 38. e4 fxe4+ 39. Bxe4
Rb5 40. Be1 Bxd5 41. Bxd5 Rxd5 42. Bc3 Be7 43. Ke4 Rh5 44. d5+ Kf7 45. Bb4 Kf6
1/2-1/2

[Event "NCL967 Guildford-Wessex"]
[Site "Rd7"]
[Date "1997.02.22"]
[Round "7.7"]
[White "Noyce, Robert"]
[Black "Anderton, Matthew"]
[Result "1-0"]
[WhiteElo "2205"]
[BlackElo "2175"]
[PlyCount "63"]
[EventDate "1997.02.22"]
[Source "J.Saunders"]
[SourceDate "1998.06.06"]

1. e4 e6 2. d4 d5 3. Nd2 Nf6 4. e5 Nfd7 5. Bd3 c5 6. c3 Nc6 7. Ngf3 Be7 8. O-O
g5 9. Qe2 Qb6 10. dxc5 Nxc5 11. Bb5 a6 12. Bxc6+ bxc6 13. Nb3 Ne4 14. Be3 Qc7
15. c4 a5 16. cxd5 exd5 17. Qc2 a4 18. Nc5 Nxc5 19. Bxc5 Bxc5 20. Qxc5 Ra5 21.
Qd4 Rg8 22. Rac1 Be6 23. Qe3 h6 24. Nd4 c5 25. Qd3 Qd7 26. Qc3 Qc7 27. b4 axb3
28. Nxb3 Rxa2 29. Nxc5 Ke7 30. Qb4 Qa5 31. Qb7+ Ke8 32. Nxe6 1-0

[Event "NCL967 Guildford-Wessex"]
[Site "Rd7"]
[Date "1997.02.22"]
[Round "7.8"]
[White "Lusher, Claire"]
[Black "Howard, Emily"]
[Result "1/2-1/2"]
[WhiteElo "1760"]
[BlackElo "1904"]
[PlyCount "49"]
[EventDate "1997.02.22"]
[Source "J.Saunders"]
[SourceDate "1998.06.06"]

1. d4 Nf6 2. c4 e6 3. Nc3 Bb4 4. Bd2 c5 5. e3 O-O 6. a3 Bxc3 7. Bxc3 cxd4 8.
Bxd4 d5 9. Bc5 Re8 10. Nf3 b6 11. Bd4 Bb7 12. b4 dxc4 13. Bxc4 Nc6 14. Bb2 Qe7
15. O-O Red8 16. Qe2 Rac8 17. Rac1 Rc7 18. Rfd1 Rcd7 19. Rxd7 Rxd7 20. Bb5 Rc7
21. Bxc6 Rxc6 22. Rxc6 Bxc6 23. Ne5 Bb7 24. Qd1 h6 25. h3 1/2-1/2

[Event "NCL967 Barbican-Hertford"]
[Site "Rd8"]
[Date "1997.02.23"]
[Round "8.1"]
[White "Coleman, David"]
[Black "Pritchett, Craig"]
[Result "0-1"]
[WhiteElo "2280"]
[BlackElo "2325"]
[PlyCount "106"]
[EventDate "1997.02.23"]
[Source "J.Saunders"]
[SourceDate "1998.06.06"]

1. e4 c5 2. Nf3 Nc6 3. d4 cxd4 4. Nxd4 e6 5. Nb5 d6 6. c4 Nf6 7. N1c3 a6 8. Na3
b6 9. Be2 Bb7 10. O-O Be7 11. Be3 Ne5 12. f4 Ned7 13. Bf3 O-O 14. Qe2 Rc8 15.
Rac1 Qc7 16. g4 Nc5 17. Bf2 h6 18. Rc2 g5 19. fxg5 hxg5 20. Qe3 Nh7 21. Nab1
Nd7 22. Be2 Bf6 23. Rd1 Be5 24. Bg3 Rfd8 25. Rcd2 Bxg3 26. Qxg3 Ne5 27. b3 Kf8
28. Qe3 Qc6 29. h3 Ke7 30. Rd4 f6 31. b4 Nf8 32. h4 gxh4 33. Qh6 Qe8 34. Qxh4
Qg6 35. Na4 Bxe4 36. Nbc3 Bf3 37. Kf2 Bxe2 38. Nxe2 Rb8 39. Nac3 Qg5 40. Qxg5
fxg5 41. b5 a5 42. Na4 Nfg6 43. Kg3 Rf8 44. Rxd6 Rf3+ 45. Kg2 Nh4+ 46. Kg1 Re3
47. Nac3 Rc8 48. Rxb6 Rxc4 49. Rb7+ Kf6 50. Rd8 Nd3 51. Rf8+ Ke5 52. Ra7 Rxg4+
53. Kf1 Nf3 0-1

[Event "NCL967 Barbican-Hertford"]
[Site "Rd8"]
[Date "1997.02.23"]
[Round "8.2"]
[White "Bowden, Karl"]
[Black "Duncan, Chris"]
[Result "0-1"]
[WhiteElo "2355"]
[BlackElo "2340"]
[PlyCount "92"]
[EventDate "1997.02.23"]
[Source "J.Saunders"]
[SourceDate "1998.06.06"]

1. e4 c5 2. c3 d5 3. exd5 Qxd5 4. d4 Nf6 5. Nf3 Nc6 6. Be3 e5 7. dxc5 Qxd1+ 8.
Kxd1 Ng4 9. b4 a5 10. Bb5 Bd7 11. Nbd2 axb4 12. Bxc6 Bxc6 13. cxb4 b6 14. Re1
bxc5 15. Nxe5 Nxe5 16. Bxc5 Bxc5 17. bxc5 f6 18. f4 Ba4+ 19. Kc1 Rc8 20. Nb3
O-O 21. fxe5 fxe5 22. Kb2 Rf2+ 23. Ka3 Bxb3 24. axb3 Rxc5 25. Kb4 Rd5 26. Rf1
Rdd2 27. Rxf2 Rxf2 28. Kc3 Rxg2 29. b4 Kf7 30. b5 Ke6 31. Rd1 Rxh2 32. b6 Rf2
33. Rd8 Rf7 34. Kc4 g5 35. Kc5 h5 36. Kc6 h4 37. b7 Rxb7 38. Kxb7 g4 39. Rh8 h3
40. Kc6 Kf5 41. Kd5 Kf4 42. Rh7 e4 43. Kd4 Kf3 44. Rf7+ Kg2 45. Kxe4 g3 46. Rh7
Kh2 0-1

[Event "NCL967 Barbican-Hertford"]
[Site "Rd8"]
[Date "1997.02.23"]
[Round "8.3"]
[White "Swanson, Stephen"]
[Black "Plueg, Andreas"]
[Result "0-1"]
[WhiteElo "2265"]
[BlackElo "2310"]
[PlyCount "104"]
[EventDate "1997.02.23"]
[Source "J.Saunders"]
[SourceDate "1998.06.06"]

1. e4 c6 2. d3 g6 3. Nf3 Bg7 4. g3 d6 5. Bg2 Nf6 6. O-O O-O 7. Nc3 Nbd7 8. h3
e5 9. Re1 b5 10. a4 b4 11. Nb1 Qc7 12. d4 a5 13. b3 d5 14. exd5 cxd5 15. Nxe5
Ne4 16. Bb2 Nxe5 17. dxe5 Bb7 18. Nd2 Nc3 19. Bxc3 Qxc3 20. Nf3 Rfe8 21. Re3
Qc5 22. Qd4 Rac8 23. Qh4 Qxc2 24. Rae1 Qb2 25. Qf4 Rc1 26. Rxc1 Qxc1+ 27. Kh2
Qc7 28. h4 Bc8 29. Qd4 Be6 30. Ng5 Bf8 31. Re2 Qc3 32. Nxe6 fxe6 33. Qb6 Qxb3
34. Qxa5 Qc4 35. Re3 Qc6 36. Bf1 Ra8 37. Qb5 Qxb5 38. Bxb5 Bc5 39. Re2 Bd4 40.
Bd7 Kf7 41. Rc2 Bxe5 42. Re2 Ra7 43. Bb5 Bc3 44. Rc2 Rc7 45. Kg2 b3 46. Rc1 b2
47. Rb1 e5 48. Bd3 e4 49. Bc2 Bd4 50. Bb3 Ke6 51. Rf1 Rc1 52. Ba2 Bc3 0-1

[Event "NCL967 Barbican-Hertford"]
[Site "Rd8"]
[Date "1997.02.23"]
[Round "8.5"]
[White "Byway, Paul"]
[Black "Twyble, Michael"]
[Result "1/2-1/2"]
[WhiteElo "2230"]
[BlackElo "2250"]
[PlyCount "27"]
[EventDate "1997.02.23"]
[Source "J.Saunders"]
[SourceDate "1998.06.06"]

1. d4 Nf6 2. Bf4 b6 3. e3 Bb7 4. Nf3 e6 5. Nbd2 Be7 6. Bd3 c5 7. c3 Nc6 8. h3
Rc8 9. O-O O-O 10. Qe2 d6 11. Rfe1 Re8 12. Ba6 Bxa6 13. Qxa6 e5 14. Bg5 1/2-1/2

[Event "NCL967 Barbican-Hertford"]
[Site "Rd8"]
[Date "1997.02.23"]
[Round "8.6"]
[White "Sands, David"]
[Black "Dearing, Eddie"]
[Result "1/2-1/2"]
[WhiteElo "2260"]
[BlackElo "2185"]
[PlyCount "41"]
[EventDate "1997.02.23"]
[Source "J.Saunders"]
[SourceDate "1998.06.06"]

1. d4 d5 2. c4 e6 3. Nf3 c6 4. Qc2 Bd6 5. Bg5 Ne7 6. g3 O-O 7. Bg2 f6 8. Bf4
Bxf4 9. gxf4 Bd7 10. Nbd2 Be8 11. e3 Nd7 12. O-O Bh5 13. Rac1 Bxf3 14. Nxf3 f5
15. Qb3 Rb8 16. Qa3 a6 17. Qd6 Rf6 18. Ne5 Nxe5 19. Qxd8+ Rxd8 20. fxe5 Rff8
21. cxd5 1/2-1/2

[Event "NCL967 Barbican-Hertford"]
[Site "Rd8"]
[Date "1997.02.23"]
[Round "8.7"]
[White "Cheal, Barry"]
[Black "Moore, John C"]
[Result "1/2-1/2"]
[WhiteElo "2064"]
[BlackElo "2155"]
[PlyCount "38"]
[EventDate "1997.02.23"]
[Source "J.Saunders"]
[SourceDate "1998.06.06"]

1. d4 d5 2. c4 c6 3. cxd5 cxd5 4. Nc3 Nf6 5. Nf3 Nc6 6. Bf4 e6 7. e3 Be7 8. Bd3
O-O 9. h3 Qb6 10. Qe2 a6 11. O-O Nb4 12. Bb1 Bd7 13. a3 Nc6 14. b4 Na7 15. Bd3
Rfc8 16. Rfc1 Qd8 17. Nd2 Qe8 18. Nb3 Nb5 19. Nxb5 Bxb5 1/2-1/2

[Event "NCL967 Barbican-Hertford"]
[Site "Rd8"]
[Date "1997.02.23"]
[Round "8.8"]
[White "Lang, Heather"]
[Black "Milligan, Helen"]
[Result "1/2-1/2"]
[WhiteElo "2065"]
[BlackElo "1896"]
[PlyCount "91"]
[EventDate "1997.02.23"]
[Source "J.Saunders"]
[SourceDate "1998.06.06"]

1. e4 e6 2. Nc3 d5 3. d4 Bb4 4. Nge2 dxe4 5. a3 Bxc3+ 6. Nxc3 Nc6 7. Bb5 Nge7
8. Nxe4 Qd5 9. Qd3 f5 10. Ng3 Bd7 11. Be3 Ne5 12. Bxd7+ Nxd7 13. O-O O-O 14. c4
Qd6 15. Rad1 Nf6 16. Bd2 c5 17. Qe2 Nc6 18. dxc5 Qe7 19. Bf4 Rfe8 20. Bd6 Qf7
21. Rfe1 a5 22. b3 Qg6 23. Qf3 h6 24. Ne2 e5 25. Nc3 e4 26. Qg3 Qxg3 27. Bxg3
Ne5 28. Bxe5 Rxe5 29. Nd5 Kf7 30. Nxf6 Kxf6 31. Rd7 Rxc5 32. Rxb7 a4 33. Rd1
axb3 34. f4 exf3 35. Rxb3 fxg2 36. Rc1 Ra4 37. Rbc3 g5 38. Kxg2 g4 39. h3 Kg5
40. hxg4 fxg4 41. Kg3 h5 42. R1c2 h4+ 43. Kg2 Kf4 44. Rc1 Ke4 45. Rh1 Raxc4 46.
Rxc4+ 1/2-1/2

[Event "NCL967 Bristol-Na Fianna"]
[Site "Rd8"]
[Date "1997.02.23"]
[Round "8.1"]
[White "Baker, Chris W"]
[Black "King, Danny"]
[Result "1-0"]
[WhiteElo "2370"]
[BlackElo "2535"]
[PlyCount "81"]
[EventDate "1997.02.23"]
[Source "J.Saunders"]
[SourceDate "1998.06.06"]

1. e4 c5 2. Nc3 d6 3. f4 Nc6 4. Nf3 g6 5. Bb5 Bd7 6. O-O Bg7 7. d3 a6 8. Bxc6
Bxc6 9. Kh1 Qd7 10. Qe1 Nh6 11. Bd2 f5 12. Nd5 fxe4 13. Qxe4 Nf7 14. Rae1 Bxd5
15. Qxd5 O-O 16. Ng5 Qc6 17. Qxc6 bxc6 18. Ne6 Rfb8 19. Nxg7 Kxg7 20. f5 gxf5
21. Rxe7 Re8 22. Bc3+ Kg6 23. Rfe1 Ne5 24. Rc7 Re6 25. Rxc6 Rae8 26. Rxa6 Ng4
27. Rxd6 Rxd6 28. Rxe8 c4 29. h3 cxd3 30. Rg8+ Kf7 31. Rg7+ Ke6 32. cxd3 Nf2+
33. Kg1 Nxd3 34. Rxh7 Kd5 35. Rf7 f4 36. Kf1 Re6 37. a4 Ke4 38. a5 Ke3 39. Rf6
Re4 40. a6 Ra4 41. Re6+ 1-0

[Event "NCL967 Bristol-Na Fianna"]
[Site "Rd8"]
[Date "1997.02.23"]
[Round "8.2"]
[White "O'Shaughnessy, Conor"]
[Black "Beaumont, Chris"]
[Result "1/2-1/2"]
[WhiteElo "2260"]
[BlackElo "2330"]
[PlyCount "62"]
[EventDate "1997.02.23"]
[Source "J.Saunders"]
[SourceDate "1998.06.06"]

1. e4 c5 2. Nf3 g6 3. c3 Bg7 4. Bc4 d6 5. O-O Nf6 6. e5 dxe5 7. Nxe5 O-O 8. d4
Nfd7 9. Nxd7 Nxd7 10. dxc5 Nxc5 11. Be3 Qc7 12. Na3 a6 13. Qf3 Bf5 14. Bd5 Rab8
15. Rfd1 b5 16. g4 Bc8 17. Nc2 Na4 18. Rab1 Nb6 19. Be4 f5 20. gxf5 gxf5 21.
Bc6 Rf6 22. Nb4 Rg6+ 23. Kf1 Be6 24. b3 Rc8 25. Rbc1 a5 26. Nd5 Bxd5 27. Bxd5+
e6 28. Bb7 Rb8 29. Bc6 a4 30. Bxb5 axb3 31. axb3 Nd5 1/2-1/2

[Event "NCL967 Bristol-Na Fianna"]
[Site "Rd8"]
[Date "1997.02.23"]
[Round "8.3"]
[White "Burgess, Graham"]
[Black "Lyell, Mark"]
[Result "1-0"]
[WhiteElo "2290"]
[BlackElo "2235"]
[PlyCount "59"]
[EventDate "1997.02.23"]
[Source "J.Saunders"]
[SourceDate "1998.06.06"]

1. d4 f5 2. Bg5 g6 3. Nc3 d5 4. h4 Bg7 5. Nh3 h6 6. Bf4 Be6 7. Qd3 Nc6 8. Nb5
Rc8 9. Qg3 Bf7 10. e3 a6 11. Nc3 Nf6 12. Bd3 Nb4 13. Be5 Rg8 14. Nf4 Ne4 15.
Qh3 c5 16. O-O cxd4 17. exd4 Bxe5 18. dxe5 Qc7 19. Rfe1 Qxe5 20. Nxe4 dxe4 21.
Rxe4 Qxb2 22. Rae1 Rc7 23. Ne6 Bxe6 24. Rxe6 Qc3 25. Rxe7+ Kf8 26. Re8+ Kf7 27.
Qe3 Qf6 28. Bc4+ Rxc4 29. Re7+ Kf8 30. Qxh6+ 1-0

[Event "NCL967 Bristol-Na Fianna"]
[Site "Rd8"]
[Date "1997.02.23"]
[Round "8.4"]
[White "McMichael, Rick"]
[Black "Mah, Karl"]
[Result "1-0"]
[WhiteElo "2200"]
[BlackElo "2245"]
[PlyCount "147"]
[EventDate "1997.02.23"]
[Source "J.Saunders"]
[SourceDate "1998.06.06"]

1. b3 d5 2. e3 g6 3. Bb2 Nf6 4. f4 Bg7 5. Nf3 O-O 6. Be2 c5 7. O-O Nc6 8. Qe1
d4 9. Na3 Nd5 10. Bb5 Bd7 11. Bc4 Nb6 12. Qh4 Nxc4 13. Nxc4 b5 14. Nce5 Nxe5
15. Nxe5 Be8 16. Rae1 dxe3 17. Rxe3 Qxd2 18. Rh3 h5 19. Qxe7 Qxc2 20. Ba1 f6
21. Qe6+ Kh7 22. Ng4 Qf5 23. Qxf5 gxf5 24. Ne3 Bg6 25. Rc1 Rac8 26. Nd5 Rfd8
27. Nxf6+ Bxf6 28. Bxf6 Rd6 29. Be5 Rd2 30. Rhc3 c4 31. bxc4 bxc4 32. Rxc4 Rxc4
33. Rxc4 Bf7 34. Rc7 Kg8 35. Rxa7 Rxa2 36. Rd7 Rc2 37. h3 Ra2 38. Rd3 Kh7 39.
Kh2 Rc2 40. Rd6 Ra2 41. Kg3 Bc4 42. Rd7+ Kh6 43. Rd8 Bb5 44. Kh4 Bc4 45. Rd6+
Kh7 46. g3 Ra6 47. Rd7+ Kh6 48. Rd8 Kg6 49. Rh8 Ra7 50. Rc8 Be6 51. Rf8 Bf7 52.
Rb8 Bc4 53. Rd8 Be6 54. Rh8 Bc4 55. Rxh5 Rh7 56. Rxh7 Kxh7 57. Kg5 Bf1 58. Kxf5
Bxh3+ 59. Kg5 Kg8 60. Kf6 Bg4 61. f5 Kh7 62. Kg5 Bd1 63. g4 Be2 64. Kf4 Kh6 65.
Bd6 Bc4 66. Bf8+ Kh7 67. g5 Bf7 68. Ke5 Kg8 69. Bh6 Kh7 70. Kf6 Bc4 71. Bf8 Kg8
72. Bd6 Bd3 73. g6 Bc2 74. Kg5 1-0

[Event "NCL967 Bristol-Na Fianna"]
[Site "Rd8"]
[Date "1997.02.23"]
[Round "8.5"]
[White "Copeland, Graham"]
[Black "Thomas, Rik"]
[Result "1/2-1/2"]
[WhiteElo "2335"]
[BlackElo "2168"]
[PlyCount "46"]
[EventDate "1997.02.23"]
[Source "J.Saunders"]
[SourceDate "1998.06.06"]

1. d4 Nf6 2. c4 e6 3. Nf3 d5 4. Nc3 c6 5. Bg5 Be7 6. e3 O-O 7. Ne5 Nbd7 8. cxd5
Nxd5 9. Bxe7 Qxe7 10. Nxd7 Bxd7 11. Be2 Nxc3 12. bxc3 e5 13. O-O Rad8 14. Qa4
a6 15. Rfd1 Bf5 16. Qa5 Rd5 17. Qb6 exd4 18. Bf3 Rd7 19. cxd4 Be4 20. Bxe4 Qxe4
21. Rac1 f5 22. Qb3+ Kh8 23. Qd3 Re8 1/2-1/2

[Event "NCL967 Bristol-Na Fianna"]
[Site "Rd8"]
[Date "1997.02.23"]
[Round "8.6"]
[White "Pearce, Robin"]
[Black "Collier, David"]
[Result "1/2-1/2"]
[WhiteElo "2080"]
[BlackElo "2225"]
[PlyCount "29"]
[EventDate "1997.02.23"]
[Source "J.Saunders"]
[SourceDate "1998.06.06"]

1. Nf3 Nf6 2. c4 e6 3. g3 d5 4. Bg2 b6 5. O-O Bb7 6. cxd5 exd5 7. d4 Be7 8. Nc3
O-O 9. Bf4 Re8 10. Rc1 c6 11. Re1 Nbd7 12. Ne5 Nxe5 13. Bxe5 Bd6 14. Bxd6 Qxd6
15. Qd3 1/2-1/2

[Event "NCL967 Bristol-Na Fianna"]
[Site "Rd8"]
[Date "1997.02.23"]
[Round "8.7"]
[White "Phillips, Roy"]
[Black "Connolly, Suzanne"]
[Result "1-0"]
[WhiteElo "2120"]
[BlackElo "1840"]
[PlyCount "73"]
[EventDate "1997.02.23"]
[Source "J.Saunders"]
[SourceDate "1998.06.06"]

1. Nf3 d5 2. b3 Bf5 3. g3 Nf6 4. Bg2 e6 5. Bb2 c5 6. O-O Nc6 7. d3 Be7 8. Nbd2
O-O 9. Ne5 Nxe5 10. Bxe5 Nd7 11. Bb2 Bf6 12. Bxf6 Nxf6 13. c4 Qd7 14. Qc1 Rac8
15. Qb2 d4 16. b4 cxb4 17. Qxb4 b6 18. a4 Rb8 19. Rfb1 Qc7 20. a5 Nd7 21. axb6
axb6 22. Ra6 Rfc8 23. Qb5 Qd6 24. Ra7 Rc7 25. Rxc7 Qxc7 26. Nb3 e5 27. Nxd4
exd4 28. Qxf5 Re8 29. Bd5 Nf6 30. Bf3 Nd7 31. Qd5 Ne5 32. Qxd4 Nxf3+ 33. exf3
Qb7 34. Kg2 Qe7 35. Rxb6 h6 36. Rd6 Rc8 37. Rd7 1-0

[Event "NCL967 Bristol-Na Fianna"]
[Site "Rd8"]
[Date "1997.02.23"]
[Round "8.8"]
[White "O'Siochru, Mairead"]
[Black "Buckley, Melanie"]
[Result "0-1"]
[WhiteElo "1880"]
[BlackElo "2040"]
[PlyCount "130"]
[EventDate "1997.02.23"]
[Source "J.Saunders"]
[SourceDate "1998.06.06"]

1. c4 e5 2. Nc3 d6 3. g3 f5 4. d3 Nf6 5. Bg2 c6 6. Nf3 Be7 7. O-O O-O 8. Rb1
Qe8 9. b4 Qh5 10. b5 c5 11. Nd5 Nxd5 12. cxd5 Nd7 13. Qb3 Nf6 14. Rb2 Kh8 15.
Qc4 Bd7 16. Qh4 Qg6 17. Qc4 Qh5 18. a4 Ne8 19. Be3 Nc7 20. Rfb1 b6 21. Re1 Bf6
22. Rb3 a6 23. d4 axb5 24. axb5 e4 25. Nd2 Qe8 26. dxc5 dxc5 27. Bxc5 bxc5 28.
b6 Nxd5 29. Qxd5 Be6 30. Qxc5 Bxb3 31. Nxb3 Qe7 32. Qxe7 Bxe7 33. Rb1 Rab8 34.
Nd4 Rf6 35. b7 Bc5 36. e3 Bxd4 37. exd4 Rf7 38. f3 Rfxb7 39. Rxb7 Rxb7 40. fxe4
fxe4 41. Bxe4 Rb4 42. Kf2 Rxd4 43. Ke3 Ra4 44. h4 Ra3+ 45. Kf4 Kg8 46. g4 h6
47. g5 hxg5+ 48. Kxg5 Rg3+ 49. Kf4 Rg1 50. Bf3 Kf7 51. Bg4 Kg6 52. Kf3 Kf6 53.
Kf4 Rb1 54. Bf3 Rb4+ 55. Be4 Ke6 56. h5 Kf6 57. Kf3 Rxe4 58. Kxe4 Kg5 59. Kf3
Kxh5 60. Kg3 Kg5 61. Kh3 Kf4 62. Kh4 g5+ 63. Kh3 Kf3 64. Kh2 g4 65. Kg1 Kg3 0-1

[Event "NCL967 BCM-Slough"]
[Site "Rd8"]
[Date "1997.02.23"]
[Round "8.1"]
[White "Ionescu, Cristian"]
[Black "Rogers, Ian"]
[Result "0-1"]
[WhiteElo "2290"]
[BlackElo "2600"]
[PlyCount "108"]
[EventDate "1997.02.23"]
[Source "J.Saunders"]
[SourceDate "1998.06.06"]

1. d4 Nc6 2. Nf3 d6 3. g3 g6 4. Bg2 Bg7 5. d5 Nb8 6. O-O Nf6 7. c4 O-O 8. Nc3
c6 9. h3 Na6 10. Nd4 c5 11. Nf3 Nc7 12. e4 e6 13. Re1 e5 14. Rb1 Nd7 15. a3 f5
16. b4 f4 17. g4 Bf6 18. Bd2 Kg7 19. Na4 Na6 20. Bc3 h5 21. Nb2 hxg4 22. hxg4
Nb6 23. Nd2 Qc7 24. Bf3 Bh4 25. Kg2 Qe7 26. Rh1 Qg5 27. Kf1 Rh8 28. Nd3 Bd7 29.
bxc5 Nxc5 30. Nxc5 dxc5 31. Qe2 Rh7 32. Rg1 Rah8 33. Nb3 Na4 34. Ba1 b6 35. Nc1
Re8 36. Nd3 Kg8 37. Qd1 a6 38. Qc2 b5 39. Nb2 Nb6 40. Rd1 bxc4 41. Rd2 Qf6 42.
Nd1 Bg5 43. Nc3 Nc8 44. Na4 Bb5 45. Bc3 Rh4 46. Kg2 Qh8 47. Nxc5 Rh2+ 48. Kf1
Qh3+ 49. Ke2 Bh4 50. Rf1 Qg3 51. Ke1 Qxf3 52. a4 Rh1 53. Ne6 Rxe6 54. dxe6
Rxf1+ 0-1

[Event "NCL967 BCM-Slough"]
[Site "Rd8"]
[Date "1997.02.23"]
[Round "8.2"]
[White "Chandler, Murray"]
[Black "Pytel, Krzysztof"]
[Result "1-0"]
[WhiteElo "2550"]
[BlackElo "2445"]
[PlyCount "55"]
[EventDate "1997.02.23"]
[Source "J.Saunders"]
[SourceDate "1998.06.06"]

1. e4 c5 2. Nf3 Nc6 3. d4 cxd4 4. Nxd4 g6 5. Nc3 Bg7 6. Nb3 Nf6 7. Be2 O-O 8.
O-O b6 9. Re1 Bb7 10. Bf1 d6 11. Bg5 Nd7 12. Qd2 Re8 13. Rad1 a6 14. f4 b5 15.
e5 Nb6 16. Qf2 Qc7 17. Bxe7 Nxe7 18. exd6 Qb8 19. Qxb6 b4 20. Rxe7 bxc3 21.
Rxb7 cxb2 22. Rxb8 Rexb8 23. Qc6 Bf6 24. d7 Kg7 25. Bc4 a5 26. Qd5 Bc3 27.
Qxf7+ Kh6 28. g4 1-0

[Event "NCL967 BCM-Slough"]
[Site "Rd8"]
[Date "1997.02.23"]
[Round "8.3"]
[White "Hennigan, Michael"]
[Black "Mestel, Jonathan"]
[Result "0-1"]
[WhiteElo "2450"]
[BlackElo "2510"]
[PlyCount "78"]
[EventDate "1997.02.23"]
[Source "J.Saunders"]
[SourceDate "1998.06.06"]

1. Nf3 Nf6 2. g3 g6 3. Bg2 Bg7 4. O-O O-O 5. d3 c5 6. e4 Nc6 7. c3 d6 8. Re1
Bd7 9. Nbd2 Rc8 10. a3 Ng4 11. Nc4 b5 12. Ne3 a5 13. d4 b4 14. d5 Nxe3 15. Bxe3
Ne5 16. Nxe5 Bxe5 17. axb4 axb4 18. cxb4 cxb4 19. Qb3 e6 20. f4 Bg7 21. Qxb4
exd5 22. exd5 Rc2 23. Be4 Rxb2 24. Qxd6 Bc3 25. Rec1 Qe8 26. Bc5 Bd4+ 27. Bxd4
Qxe4 28. Bxb2 Qe3+ 29. Kg2 Qe2+ 30. Kg1 Bh3 31. Qxf8+ Kxf8 32. Ra8+ Ke7 33. d6+
Kd7 34. Ra7+ Kxd6 35. Ba3+ Kd5 36. Rc5+ Kd4 37. Ra4+ Kd3 38. Rd5+ Kc2 39. Rc4+
Kb3 0-1

[Event "NCL967 BCM-Slough"]
[Site "Rd8"]
[Date "1997.02.23"]
[Round "8.4"]
[White "Bellin, Robert"]
[Black "Mannion, Stephen"]
[Result "0-1"]
[WhiteElo "2375"]
[BlackElo "2390"]
[PlyCount "62"]
[EventDate "1997.02.23"]
[Source "J.Saunders"]
[SourceDate "1998.06.06"]

1. e4 e5 2. Nf3 Nc6 3. Bb5 a6 4. Ba4 Nf6 5. O-O Be7 6. Bxc6 dxc6 7. d3 Nd7 8.
b3 O-O 9. Bb2 f6 10. Nc3 Nc5 11. Ne2 Bg4 12. Ng3 Qd7 13. h3 Bxf3 14. Qxf3 Rad8
15. Rad1 Ne6 16. Nf5 g6 17. Qg4 Kh8 18. Ne3 Nf4 19. Kh2 Bc5 20. g3 Ne6 21. Kg2
Qe7 22. Rde1 Bd4 23. Bxd4 Nxd4 24. Qd1 f5 25. exf5 gxf5 26. c3 Nb5 27. Qc2 Qg7
28. Nc4 Rde8 29. a4 Nd6 30. Nxd6 cxd6 31. f4 exf4 0-1